[Event "Tata Steel-A 73rd"]
[Site "Wijk aan Zee"]
[Date "2011.01.22"]
[Round "7"]
[White "Grischuk, Alexander"]
[Black "Aronian, Levon"]
[Result "0-1"]
[WhiteElo "2773"]
[BlackElo "2805"]
[Annotator "Moradiabadi,E"]
[PlyCount "98"]
[EventDate "2011.01.14"]
[EventType "tourn"]
[EventRounds "13"]
[EventCountry "NED"]
[EventCategory "20"]
[SourceTitle "CBM 141"]
[Source "ChessBase"]
[SourceDate "2011.03.17"]
[SourceVersion "1"]
[SourceVersionDate "2011.03.17"]
[SourceQuality "1"]

1. e4 e5 2. Nf3 Nc6 3. Bb5 a6 4. Ba4 Nf6 5. O-O (5. Bxc6 dxc6 6. d3 Nd7 7. Nbd2
Be7 8. Nc4 Bf6 $6 9. O-O O-O 10. b4 $1 $14 {0-1 Botvinnik,M-Stein,L/Moscow
1965/EXT 2002 (49)}) 5... Be7 6. Bxc6 {The Delayed Exchange Spanish. The idea
behind this tempo is to not let Black to play f6. In the meantime, the tempo
has cost White and does not leave him much he can ahcieve in the opening.} dxc6
7. Nc3 {The most aggressive continuation, otherwise the postion is harmless
for Black} (7. d3 Nd7 8. b3 (8. Nbd2 O-O 9. Nc4 (9. a4 c5 10. a5 f6 11. Nh4 Rf7
$1 {[%cal Gd7f8,Gf8e6,Ge6d4]} 12. Nf5 Nf8 13. Nc4 Ne6 14. Nxe7+ Qxe7 15. Be3
Bd7 $11 {1/2-1/2 Ivanchuk,V (2779)-Topalov,V (2796)/Nice 2009/CBM 129 Extra 
(32)}) 9... f6 10. Nh4 Nc5 11. f4 exf4 12. Rxf4 g6 $1 $15 {0-1 Huebner,
R-Smyslov,V/Palma de Mallorca 1970/IZT (41)}) 8... c5 $6 9. Bb2 Bd6 10. Nbd2
O-O 11. Nc4 f6 12. Nh4 Nb8 13. Nf5 Bxf5 14. exf5 {[%csl Gc4,Rd6,Ye4]} Nc6 15.
Qf3 Qd7 16. Qe4 Kh8 17. Rfe1 b5 18. Ne3 Nd4 19. c3 Nc6 20. Rad1 Rad8 21. h4 $1
{[%cal Gg2g3,Gh4h5,Gg1g2,Ge1h1]} Rfe8 22. h5 $14 {1-0 Kasparov,G (2825)
-Svidler,P (2690)/ICC INT 1998/EXT 1999 (54)}) 7... Nd7 8. d4 exd4 9. Nxd4 (9.
Qxd4 {would be an equivalent alternative} O-O 10. Rd1 Nc5 11. Qe3 (11. Qc4 Qe8
12. Bf4 Ne6 13. Bg3 b5 14. Qe2 a5 15. Re1 b4 (15... Bb7 $6 16. Nd1 c5 17. Nc3
c4 18. Nd5 a4 19. Rad1 a3 20. b3 cxb3 21. cxb3 Bd8 22. Qe3 h6 23. Nd4 Nxd4 24.
Qxd4 Bxd5 25. exd5 Qd7 26. Qc5 Ra6 27. h3 Rg6 28. d6 cxd6 29. Bxd6 Re8 30.
Rxe8+ Qxe8 31. Qd5 Bb6 32. Kf1 Rf6 33. Bg3 Qe3 34. Kg1 Qxg3 {0-1 Radulski,J 
(2590)-Kolev,A (2575)/Plovdiv 2011/CB05_2011}) 16. Nd5 cxd5 17. exd5 Ba6 18.
Qe3 Bc5 19. Qe4 Bb7 20. Qc4 Ba6 $11) 11... Qe8 12. Nd4 Bd6 13. Qf3 Qe5 14. g3
Ne6 (14... f5 $5 $11) 15. Nf5 Re8 16. Be3 $11 Bf8 17. Rd3 {0-1 Benjamin,J 
(2565)-Onischuk,A (2699)/Saint Louis 2010/CBM 137 (64)}) 9... O-O 10. Qe2 Bd6
$5 $146 {The idea behind this move lies in the forthcoming black moves.} (10...
Ne5 11. Be3 Bd6 12. Rad1 Qh4 13. h3 Re8 14. f4 Ng6 15. e5 Bc5 16. Qf3 Qe7 17.
Ne4 Bxd4 18. Bxd4 f5 19. Ng3 Be6 20. b3 Rad8 21. c4 Rd7 22. Rd2 Red8 23. Rfd1
a5 24. Ne2 c5 25. Be3 Rxd2 26. Rxd2 Rxd2 27. Bxd2 b6 28. Qd3 Qd7 29. Qxd7 Bxd7
30. Nc3 Bc6 31. Kf2 Kf7 32. g3 Ke6 33. Be3 {1/2-1/2 Ivanchuk,V (2787)-Leko,P 
(2755)/Mukachevo 2007/CBM 121}) (10... Re8 11. Bf4 Bc5 12. Rad1 Qf6 13. Be3 Bb4
14. f3 Ne5 $13 {1/2-1/2 Ivanchuk,V (2787)-Leko,P (2755)/Mukachevo 2007/CBM 121
(56)} (14... Bxc3 $5 15. bxc3 c5 16. Nf5 Ne5 $13)) 11. Be3 Nf6 12. f4 Ng4 {
In return for his lack of development, Black obtains the permanent advantage
of the two bishops. However, White's advantage can evaporate due to
inaccuracies.} 13. Rad1 Nxe3 14. Qxe3 f6 15. Nce2 Qe7 16. Kh1 Re8 17. Ng3 Qf7
18. b3 Bg4 19. Rde1 Bd7 20. Nf3 (20. e5 Bc5 21. Qc3 Bb6 22. Nf3 Bg4 {and Black
is just fine.}) 20... Rad8 21. e5 fxe5 22. fxe5 Qg6 {[%csl Gd6,Gd7,Re5]} 23.
Qa7 {This move is not a srious mistake, but it seems it is the beginning one
of a series of inaccuracies made by Grischuk.} Bb4 24. Rd1 Bc8 25. Qf2 Rxd1 26.
Rxd1 Rf8 $15 27. Qe2 {[%csl Gb4,Gc8,Yf3,Yg3]} Be7 28. Rf1 h6 29. Nd4 $2 {
Now White goes astray, he had to keep the rooks on the board, now the
advantage of the bishop pair advantage could become more evident!} c5 30. Rxf8+
Bxf8 31. Nf3 Be6 32. Nf1 b5 33. c4 bxc4 34. bxc4 Qb1 $17 {[%csl Ra2,Rc4,Re5]
Black's advantage is decisive now. Aronian brings home the full point
comfortably.} 35. h3 Qc1 36. N3d2 Be7 37. Kh2 Bg5 38. g3 Qc2 39. a3 Qf5 40. g4
Bf4+ 41. Kg2 Qxe5 42. Qxe5 Bxe5 43. Ne3 Bb2 44. Nb1 Kf7 45. Kf3 Kf6 46. Ke4 Kg5
47. Nd5 Bxd5+ 48. cxd5 Kh4 49. Nd2 Bxa3 0-1

[Event "Zalakaros op 35th"]
[Site "Zalakaros"]
[Date "2016.06.03"]
[Round "8"]
[White "Kulon, Klaudia"]
[Black "Romanishin, Oleg M"]
[Result "1-0"]
[WhiteElo "2304"]
[BlackElo "2464"]
[Annotator "Narayanan,Srinath"]
[PlyCount "61"]
[EventDate "2016.05.27"]
[EventType "swiss"]
[EventRounds "9"]
[EventCountry "HUN"]
[SourceTitle "CBM 172 Extra"]
[Source "ChessBase"]
[SourceDate "2016.06.21"]
[SourceVersion "1"]
[SourceVersionDate "2016.06.21"]
[SourceQuality "1"]

1. e4 e5 2. Nf3 Nc6 3. Bb5 a6 4. Ba4 Nf6 5. O-O Be7 6. Bxc6 dxc6 7. d3 Nd7 8.
Nbd2 O-O 9. Nc4 Bf6 10. b3 Re8 11. a4 Nf8 12. Bb2 Ng6 13. h3 b5 14. Ne3 Be6 15.
Ng4 Bxg4 16. hxg4 Qd7 17. Ne1 Be7 18. g3 Bc5 19. Kg2 Bb4 $2 {too slow} (19...
f6 {was necessary, to protect against invasion on the h-file.} 20. g5 {won't
work now} fxg5 21. Qh5 Re6 $1 {[%cal Ge6g6,Gh7h6]} 22. Qxg5 Nf4+ $1 $19) 20. g5
Bxe1 21. Rxe1 f6 22. Qh5 fxg5 23. Rh1 Nf8 24. Qxg5 Qd6 25. Rh5 h6 26. Qg4 Nd7
27. Rh4 Re6 28. Ba3 c5 29. axb5 Rg6 30. Qh5 Rg5 31. Qe2 1-0

[Event "Pyramiden Franken Cup 4th"]
[Site "Fuerth"]
[Date "2001.08.22"]
[Round "5"]
[White "Naumann, Alexander"]
[Black "Ibragimov, Ildar"]
[Result "1-0"]
[WhiteElo "2480"]
[BlackElo "2579"]
[Annotator "Naumann,A"]
[PlyCount "85"]
[EventDate "2001.08.18"]
[EventType "swiss"]
[EventRounds "9"]
[EventCountry "GER"]
[SourceTitle "EXT 2010"]
[Source "ChessBase"]
[SourceDate "2010.11.25"]
[SourceVersion "1"]
[SourceVersionDate "2010.11.25"]
[SourceQuality "1"]

1. e4 Nc6 2. Nf3 e5 3. Bb5 a6 4. Ba4 Nf6 5. O-O Be7 6. Bxc6 dxc6 7. d3 Nd7 8.
Nbd2 O-O 9. b3 f6 10. Bb2 Nc5 11. d4 {Wenn Weiss nicht d4 spielt, kommt
Schwarz zu Se6 und behaelt die Kontrolle ueber das Zentrum.} exd4 12. Nxd4 Bd6
13. Nf5 Bxf5 {Auf Se4: waere Sh6+ mit guter Kompensation gefolgt.} 14. exf5 Qd7
15. Qf3 {Weiss ist verpflichtet den Bauern zu opfern, erhaelt aber genuegend
Gegenspiel.} Bxh2+ 16. Kxh2 Qxd2 17. Ba3 Qd6+ 18. g3 Rfd8 (18... Rfe8 19. Rad1
Qf8 20. Rd7 $14) 19. Rad1 Qf8 20. Kg2 a5 21. Qf4 b5 22. Qxc7 b4 23. Bb2 Rdc8
24. Qf4 {Weiss hat die angenehmere Stellung. Die schwarzen Damenfluegelbauern
sind sehr anfaellig.} Qf7 25. Rd6 Nd7 26. Rfd1 Nb6 27. Qg4 Nd5 28. Re1 {
T1d5 scheitert an h5.} Re8 29. Ree6 {Jetzt begann die Zeitnotphase.} Rac8 {
Tc6: waere leichter gewesen.} 30. Qc4 Rxe6 31. fxe6 Qe8 32. Qc5 {Hier habe ich
etwas planlos gespielt.} h5 33. Qa7 Qg6 34. Qd4 Kh7 {Hier hat Schwarz seine
Chance verpasst. Nach Dc2: haette SchwarzguteAussichten auf Vorteil gehabt.
Allerdings hatte Schwarz nur noch Sekunden auf der Uhr.} 35. Qc4 Ne7 36. Rd7
Nf5 37. Qd3 Re8 38. Bxf6 $1 {Der Killer in Zeitnot.} Qxf6 39. Rf7 Qxe6 40. Rxf5
g6 41. Rxh5+ Kg7 42. Qd4+ Qf6 {Verliert sofort. Allerdings gewinnt Weiss auch
nach Kf8.} 43. Rh7+ 1-0

[Event "Tbilisi FIDE GP"]
[Site "Tbilisi"]
[Date "2015.02.20"]
[Round "5"]
[White "Andreikin, Dmitry"]
[Black "Dominguez Perez, Leinier"]
[Result "0-1"]
[WhiteElo "2737"]
[BlackElo "2726"]
[Annotator "Pavlovic,M"]
[PlyCount "134"]
[EventDate "2015.02.15"]
[EventType "tourn"]
[EventRounds "11"]
[EventCountry "GEO"]
[EventCategory "20"]
[SourceTitle "CBM 165"]
[Source "ChessBase"]
[SourceDate "2015.03.11"]
[SourceVersion "1"]
[SourceVersionDate "2015.03.11"]
[SourceQuality "1"]

1. e4 e5 2. Nf3 Nc6 3. Bb5 a6 4. Ba4 Nf6 5. O-O Be7 6. Bxc6 dxc6 7. d3 Nd7 8.
Nbd2 f6 {Dominguez uses a modern approach: he holds back with 0-0.} 9. Nc4 (9.
Nh4 g6 10. Nc4 Nc5 11. Bh6 (11. f4 exf4 12. Bxf4 Be6 13. Nf3 Bxc4 14. dxc4 Qxd1
15. Raxd1 Nxe4 16. Rfe1 f5 17. Bxc7 Bc5+ 18. Kf1 O-O $15 {0-1 (37) Pacher,M 
(2402)-Nyback,T (2636) Plovdiv 2012}) 11... Be6 12. b3 Qd7 13. Nf3 O-O-O 14.
Qe1 Bxc4 15. bxc4 g5 16. h4 g4 17. Nd2 Ne6 18. Nb3 $13 Kb8 $13) (9. d4 exd4 10.
Nxd4 Ne5 11. N2f3 Nxf3+ 12. Nxf3 Qxd1 13. Rxd1 Bd6 14. g3 Bg4 15. Rd3 O-O-O 16.
Nh4 Bc5 17. Kf1 Rhe8 18. Rxd8+ Kxd8 19. f3 Bh3+ 20. Ng2 $13 {1/2-1/2 (79)
Macieja,B (2633)-Berczes,D (2501) Richardson 2014}) 9... Nc5 10. Ne3 (10. Nh4
g6 11. Be3 O-O 12. Qf3 Ne6 13. Qg3 Rf7 $13) 10... O-O 11. Nf5 (11. Bd2 Be6 12.
Qe2 Qd7 $13) 11... Bxf5 12. exf5 Qd7 13. Nh4 Rfe8 {Now an idea for White is to
control the e4-square with a knight but that is not easy to achieve.} 14. Be3
Na4 15. Qg4 b5 16. b3 Nc3 17. Nf3 Nd5 18. Qe4 (18. Nd2 g6 $17) 18... Nc3 19.
Qg4 Nd5 20. Bd2 Ba3 $1 21. Rae1 c5 {The idea is Bb4.} 22. c4 Ne7 23. Nh4 Bb4
24. Bh6 Nc8 $1 {A really nice strategic game.} 25. Re2 Nd6 26. Rd1 $6 (26. h3 {
it was necessary to defend the queen} a5 27. Bc1 a4 $15) 26... Kh8 27. Bc1 g5
$1 $17 {Black has triumphed in this strategic game.} 28. Bxg5 $6 (28. Nf3 Qxf5
$17) 28... Qg7 29. Bxf6 Qxf6 {White doesn't have enough compensation for the
piece.} 30. Qh5 Rg8 31. f4 exf4 {Not a very precise move.} (31... Rae8 $1 32.
Ng6+ (32. fxe5 Rxe5 33. Rxe5 Qxe5 $19) 32... Kg7 33. fxe5 Qxf5 34. Qxf5 Nxf5
$17) 32. Ng6+ Kg7 33. Nxf4 ({A better try was} 33. Ne7 Rge8 34. Re6 Qf7 35. f6+
Kh8 36. Qd5 Rf8 $15) 33... Qxf5 34. Re7+ Kh8 35. Qh4 Bc3 $19 36. Rf1 Bd4+ 37.
Kh1 Rg7 38. Ree1 Qg4 (38... Rg4 $1 39. Qh6 Bg7 {wins on the spot.}) 39. Qh6 Qg5
40. Qxg5 Rxg5 41. Ne6 Rh5 42. g4 Rh4 43. g5 c6 {Out of time trouble and now it
is a matter of technique.} 44. Kg2 h6 45. Kg3 hxg5 46. Nxg5 Rh6 47. h4 Bf6 48.
Kg4 Rg8 49. Rf3 Rhg6 50. Re6 Bxg5 51. Rxg6 Rxg6 52. hxg5 Kg7 53. Re3 Nf7 54.
Kf5 Rxg5+ 55. Ke6 b4 56. Kd7 Ne5+ 57. Ke6 Ng4 58. Re2 Rg6+ 59. Kd7 a5 60. Kc7
Kf7 61. Kb6 Re6 62. Rd2 Ne5 63. Kxa5 Ke7 64. Rh2 Kd6 65. Kb6 Nxd3 66. Rh8 Ke5
67. Rh4 Rf6 0-1

[Event "London Agency"]
[Site "London"]
[Date "1998.06.15"]
[Round "1"]
[White "McDonald, Neil R"]
[Black "Wells, Peter K"]
[Result "0-1"]
[WhiteElo "2485"]
[BlackElo "2530"]
[Annotator "Petursson,M"]
[PlyCount "34"]
[EventDate "1998.06.15"]
[EventType "tourn"]
[EventRounds "9"]
[EventCountry "ENG"]
[EventCategory "9"]
[SourceTitle "CBM 066"]
[Source "ChessBase"]
[SourceDate "1998.09.30"]
[SourceVersion "1"]
[SourceVersionDate "1998.09.30"]
[SourceQuality "1"]

1. e4 e5 2. Nf3 Nc6 3. Bb5 a6 4. Ba4 Nf6 5. O-O Be7 6. Bxc6 dxc6 7. Qe2 Bg4 8.
h3 Bh5 9. g4 Bg6 10. Nxe5 Bxe4 $1 11. g5 Rg8 $1 12. d3 (12. gxf6 gxf6+ 13. Ng4
f5 14. Nc3 Bxc2 $17) 12... Bf5 13. Re1 Bxh3 $1 14. Kh2 (14. gxf6 gxf6+ 15. Kh2
fxe5 16. Kxh3 Qd4 {[%csl Rh4][%cal Rd4h4]} 17. f4 O-O-O 18. Be3 Rd6 $1 $19 19.
Bxd4 Rh6+ 20. Qh5 Rxh5#) 14... Be6 $1 15. gxf6 gxf6 16. Nf3 (16. Nxf7 Bxf7 17.
Bf4 Qd7 $17) (16. Nc4 Qd5 17. Rg1 O-O-O 18. Rg3 Qd4 19. Kg2 Qh4 $19) {[%tqu
"En","Can you find the winning move for Black here?","Hia king is cut off on
the h file. If only you could give check with your queen from h5 it would be
mate!","Move your queen and threaten mate!","d8d5","",12]} 16... Qd5 17. Kh1
Bd6 0-1

[Event "Sautron op 13th"]
[Site "Sautron"]
[Date "2013.11.01"]
[Round "8"]
[White "Lejarre, Ludovic"]
[Black "Bailet, Pierre"]
[Result "1/2-1/2"]
[WhiteElo "2371"]
[BlackElo "2474"]
[Annotator "RR"]
[PlyCount "111"]
[EventDate "2013.10.26"]
[EventType "swiss"]
[EventRounds "9"]
[EventCountry "FRA"]
[SourceTitle "EXT 2016"]
[Source "ChessBase"]
[SourceDate "2015.10.08"]
[SourceVersion "1"]
[SourceVersionDate "2015.10.08"]
[SourceQuality "1"]
[TimeControl "40/5400+30:1800+30"]
[WhiteClock "1:30:00"]
[BlackClock "1:30:00"]

1. e4 {[%emt 0:00:00]} e5 {[%emt 0:00:00]} 2. Nf3 {[%emt 0:00:40]} Nc6 {
[%emt 0:00:08]} 3. Bb5 {[%emt 0:02:10]} a6 {[%emt 0:00:54]} 4. Ba4 {[%emt 0:00:
07]} Nf6 {[%emt 0:00:08]} 5. O-O {[%emt 0:00:15]} Be7 {[%emt 0:00:12]} 6. Bxc6
{[%emt 0:03:37] La variante d'échange différée} (6. Re1) 6... dxc6 {[%emt 0:
00:16]} 7. Qe1 {[%emt 0:00:11]} (7. d3) 7... Nd7 {[%emt 0:04:45]} (7... c5 8.
Nxe5 Qd4 9. Nf3 Qxe4 10. Qxe4 Nxe4 {Anand,V (2650)-Short,N (2660) Tilburg 1991
(7) 1/2}) 8. b3 {[%emt 0:01:32]} O-O {[%emt 0:01:18]} 9. Bb2 {[%emt 0:00:53]}
Bd6 {[%emt 0:06:44]} (9... f6 10. d4 exd4 11. Nxd4 Nc5 12. Na3 $5 {Kovalev,A 
(2545)-Biolek,R (2415) Ostrava 1993 1-0}) 10. d3 {[%emt 0:05:32]} (10. d4 exd4
11. Nxd4 Re8 12. Nd2 Ne5 13. Rd1 c5 14. Ne2 Qh4 15. Ng3 Nc6 16. f4 Bg4 17. Rb1
f6 18. e5 fxe5 19. f5 Rf8 20. Qe4 h5 21. Nc4 Rf7 22. Rf2 Raf8 23. Rbf1 Kh8 24.
Ne3 Be7 25. Nd5 Bd8 26. Ba3 b6 27. Ne3 Nd4 28. Bc1 Bg5 29. c3 Nb5 30. Nxg4 hxg4
31. Bxg5 Qxg5 32. c4 Nd6 33. Qxe5 a5 34. Kh1 Re7 35. Qb2 Ne4 36. Nxe4 Rxe4 37.
g3 Rf6 38. Qc2 Qe3 39. Rd2 Rh6 {Shabalov,A (2611)-Safarli,E (2594) Moscow 2010
1/2-1/2}) 10... Re8 {[%emt 0:04:19]} 11. Nbd2 {[%emt 0:03:04]} Nf8 {[%emt 0:06:
37][%cal Gf8e6,Gf8g6]} 12. Nc4 {[%emt 0:07:46]} Ng6 {[%emt 0:03:01]} 13. Qe3 {
[%emt 0:15:53]} c5 {[%emt 0:03:29]} 14. a4 {[%emt 0:03:24]} a5 {[%emt 0:00:51]}
15. Kh1 $146 {[%emt 0:03:17]} (15. h4 f6 16. g3 Qd7 17. Nh2 Qh3 18. Qf3 Ne7 19.
Ne3 Rf8 20. Nhg4 h5 21. Nh2 g6 22. Ng2 Nc6 23. Qe3 Kg7 24. f4 Nd4 25. Rf2 Qe6
26. Nf3 Bd7 27. Raf1 Qe7 28. fxe5 fxe5 29. Ng5 Rxf2 30. Qxf2 Rf8 31. Qxf8+ Qxf8
32. Rxf8 Kxf8 33. Ne3 b6 34. Kf2 {1/2-1/2 (34) Saulin,D (2375)-Kholmov,R (2465)
Moscow 1997}) 15... b6 {[%emt 0:05:54]} 16. Ng1 $5 {[%emt 0:10:34][%cal Gg1e2,
Gf2f4]} Bb7 {[%emt 0:14:39]} 17. Ne2 {[%emt 0:18:07]} f5 $1 {[%emt 0:05:34]}
18. exf5 {[%emt 0:01:44]} Nh4 {[%emt 0:00:22]} 19. f3 {[%emt 0:00:15]} Nxf5
$132 {[%emt 0:00:14]} 20. Qf2 {[%emt 0:00:48]} Nd4 {[%emt 0:09:24][%csl Gd4]}
21. Ng3 {[%emt 0:00:43]} Rf8 {[%emt 0:02:49]} 22. Rae1 {[%emt 0:02:14]} Qe7 {
[%emt 0:08:49]} 23. Ne4 {[%emt 0:00:14]} Rab8 $6 {[%emt 0:01:09] Un coup
bizarre} (23... Rae8 {Plus naturel}) 24. Bxd4 {[%emt 0:01:04]} cxd4 {[%emt 0:
00:12]} 25. Nexd6 {[%emt 0:00:14]} cxd6 {[%emt 0:00:32]} 26. Qxd4 {[%emt 0:00:
11]} Rf6 {[%emt 0:03:17]} 27. Qe3 {[%emt 0:04:02]} Rh6 $1 {[%emt 0:01:22][%csl
Rh2][%cal Ge7h4]} 28. h3 {[%emt 0:01:29]} (28. Qf2 Rf8 29. Qg3 Rg6) 28... Rf8 {
[%emt 0:01:03]} 29. Rf2 {[%emt 0:05:33][%cal Gf2h2] Anticipant un sacrifice en
h3} (29. Nxb6 Qe6 $1 {[%cal Gh6h3,Ge6h3]}) 29... Qh4 $44 {[%emt 0:00:46]} 30.
Nd2 {[%emt 0:02:18]} Rf5 {[%emt 0:05:00]} (30... d5 31. Rfe2 Rf5) 31. Kh2 {
[%emt 0:05:22]} Rg6 {[%emt 0:04:19]} 32. Nf1 {[%emt 0:01:45]} d5 $36 {[%emt 0:
00:42] Les pièces Noires sont trés actives contrairement à celle du rennais}
33. d4 $1 {[%emt 0:00:35]} exd4 {[%emt 0:00:22]} 34. Qd2 {[%emt 0:00:22]} h6 {
[%emt 0:00:40]} (34... d3 $5 35. cxd3 (35. Re8+) 35... d4 {[%csl Gb7]}) 35.
Re8+ {[%emt 0:00:56]} Kh7 {[%emt 0:00:18]} 36. Ree2 $6 $138 {[%emt 0:00:30]}
Ba6 {[%emt 0:00:28]} 37. Re1 {[%emt 0:00:35]} h5 {[%emt 0:01:49]} 38. g3 {
[%emt 0:00:26]} Qf6 {[%emt 0:00:30][%csl Rf3]} 39. f4 {[%emt 0:00:08]} Rh6 {
[%emt 0:04:00]} 40. Rd1 {[%emt 0:00:00]} g5 $1 {[%emt 0:00:00]} 41. Qxd4 {
[%emt 0:00:55]} gxf4 {[%emt 0:01:37]} 42. Rxf4 {[%emt 0:01:28]} Rxf4 {[%emt 0:
08:21]} 43. Qxf4 {[%emt 0:04:14]} Qxf4 {[%emt 0:04:43]} 44. gxf4 {[%emt 0:00:
07]} Bxf1 {[%emt 0:00:25]} 45. Rxf1 {[%emt 0:00:04]} Rc6 {[%emt 0:00:10]} 46.
Rf2 {[%emt 0:02:05]} Rc3 {[%emt 0:00:18]} (46... Kg6) 47. Rd2 {[%emt 0:06:28]}
Kg6 {[%emt 0:03:10]} 48. Rxd5 {[%emt 0:02:15]} Rxc2+ {[%emt 0:00:54]} 49. Kg3
Rc3+ {[%emt 0:00:57]} 50. Kh4 {[%emt 0:03:34]} Rxb3 $11 {[%emt 0:00:01]} 51.
Rg5+ {[%emt 0:00:09]} Kf6 {[%emt 0:00:07]} 52. Rxh5 {[%emt 0:00:05]} Rb4 {
[%emt 0:00:39]} 53. Kg4 {[%emt 0:00:18]} Kg7 {[%emt 0:02:03]} 54. Rg5+ {
[%emt 0:02:41]} Kf7 {[%emt 0:00:01]} 55. Rf5+ {[%emt 0:04:23]} Kg7 {[%emt 0:00:
45]} 56. Rg5+ 1/2-1/2

[Event "Capablanca Memorial Elite 30th"]
[Site "Matanzas"]
[Date "1995.??.??"]
[Round "2"]
[White "Garcia, Gildardo"]
[Black "Rodriguez Cespedes, Amador"]
[Result "1/2-1/2"]
[WhiteElo "2520"]
[BlackElo "2520"]
[Annotator "Rodriguez,Am"]
[PlyCount "122"]
[EventDate "1995.05.??"]
[EventType "tourn"]
[EventRounds "13"]
[EventCountry "CUB"]
[EventCategory "11"]
[SourceTitle "CBM 048"]
[Source "ChessBase"]
[SourceDate "1995.10.01"]
[SourceVersion "1"]
[SourceVersionDate "1995.10.01"]
[SourceQuality "1"]

1. e4 e5 2. Nf3 Nc6 3. Bb5 a6 4. Ba4 Nf6 5. O-O Be7 6. Bxc6 dxc6 7. d3 Nd7 8.
Nbd2 O-O 9. Nc4 f6 10. Nh4 Nc5 11. Qf3 Rf7 (11... Ne6 $5 12. Nf5 Nd4 13. Nxd4
Qxd4 (13... exd4 14. Qg3 Be6 15. Bf4 Rc8 16. Na5 (16. a4 b6 17. Bd2 Qd7 18. f4
b5 19. Na5 f5 20. Qf3 c5 21. axb5 axb5 22. Rfe1 c6 23. c4 dxc3 24. Bxc3 Bd6 25.
g3 c4 26. dxc4 {Wedberg-Geller/Reykjavik open  YB/1-185 1987/0-1 (40)}) 16...
Qd7 17. Nxb7 Rb8 18. Na5 Rxb2 19. Bxc7 Bxa2 20. Rfc1 Rc8 21. Bf4 Bb4 22. Nc4
Bxc4 23. dxc4 {Perez,JJ-Short,P/Dubai olm (11) 1986/1/2-1/2 (40)}) 14. Be3 Qd8
(14... Qd7 15. a4 b5 16. Nd2 Bd6 17. Qg3 f5 18. exf5 e4 19. Qh4 exd3 20. axb5
Qxf5 21. bxc6 dxc2 22. Rac1 Rb8 23. Qc4+ Be6 24. Qxc2 {Watts-Hebden/London  YB/
2-177 1984/0-1 (43)}) 15. Na5 (15. Qg3 Be6 16. Nd2 Bd6 17. Kh1 Qe8 18. f4 Qg6
19. f5 Qxg3 20. hxg3 Bf7 21. g4 h6 22. Rf3 Rfd8 23. Rh3 Rd7 24. Kg1 Kf8 {
Doncevic,D-Herbrechtsmeier,C/BL 8283 Zähringen-Koblenz [1] 1982/1/2-1/2 (52)})
15... Bb4 16. Nb3 Bd6 17. Qe2 Qe7 18. f3 a5 19. a4 Be6 $10 {Hort-Spassky,
Reykjavik m-12 1977, 23/(293)}) (11... Be6 12. Ne3 g6 13. Qg3 Kh8 14. b3 Bf7
15. f4 exf4 16. Rxf4 Ne6 17. Rf2 Bd6 18. Qg4 {= Wedberg,T-Reshevsky,S/
Reykjavik (open) 1984}) 12. Nf5 (12. Qg3 $142 Ne6 (12... Kh8 $5) 13. Nf5 Kh8
14. Nxe7 Rxe7 15. f4 exf4 16. Bxf4 Nxf4 17. Rxf4 Be6 18. e5 Bxc4 19. exf6 {
1/2-1/2 Mestel,J-Geller,E/London 1982}) 12... Bf8 13. Be3 Ne6 14. Rad1 c5 15.
c3 Qe8 16. Rfe1 Kh8 17. h4 a5 $1 18. Bc1 Ra6 $1 19. g3 a4 20. Kg2 b5 21. Nd2 (
21. Na3 b4 22. Nc4 a3 $1) 21... g6 22. Ne3 h5 $1 23. Qe2 (23. Nd5 $1 Nd4 $3 24.
cxd4 Bg4 25. Qe3 cxd4 $19) 23... Rd6 $17 24. Nf3 Qd8 25. Nc2 Rfd7 26. d4 c6 27.
d5 cxd5 28. Rxd5 Rxd5 29. exd5 Nc7 30. c4 Ba6 $2 {At this point White had only
two minutes left and I wanted to have everything, so I made this quick and
silly mistake.} (30... bxc4 31. Qxc4 Nxd5 32. Qxa4 Bb7 {led to a big advantage
instead.} 33. Kg1 $2 Nb6 $19) 31. Qe4 $1 Kh7 32. b3 axb3 33. axb3 bxc4 34. bxc4
Ne8 35. Ne3 Nd6 36. Qc2 Bh6 37. Nd2 Qa5 $2 38. Bb2 Rb7 (38... Bxc4 $2 {for the
last moves I played for this trap, only to realize that is was not good in the
very last minute.} 39. Ndxc4 $1 (39. Nexc4 Nxc4 40. Nxc4 Qxe1 41. Bc3 Qc1)
39... Qxe1 40. Bc3 $1 $18) 39. Bc3 Qb6 40. Rb1 Qd8 41. Ra1 Ra7 (41... Bxc4 $2
42. Ba5 $1 $18) 42. Kh2 Ra8 43. Ba5 Qc8 44. Ne4 Nxe4 45. Qxe4 Bb7 {The
position is about equal.} 46. f4 $2 exf4 47. Qe7+ Kg8 48. d6 fxe3 $1 (48...
fxg3+ 49. Kxg3 Bxe3 50. d7 Qb8+ 51. Kh3 $13) 49. d7 Qc6 50. d8=Q+ Rxd8 51.
Qxd8+ Bf8 $6 (51... Kf7 52. Qc7+ Qxc7 53. Bxc7 Ke6 {offered better chances to
play for a win}) 52. Qd5+ Qxd5 53. cxd5 Bxd5 54. Re1 $1 Bh6 55. Bb6 Bf3 56.
Bxc5 e2 57. Bb4 Kf7 58. Ra1 f5 $6 (58... g5 59. Kg1 gxh4 60. Kf2) (58... Ke6
59. Ra6+ Kf5 60. Bc3 Ke4 61. Rxf6 Bg7 62. Re6+ Kd5 (62... Kd3 $2 63. Be1 Bc3
64. Bxc3 Kxc3 65. Kg1) 63. Rxe2 $3 $10) 59. Ra7+ Ke6 60. Ra6+ Kf7 61. Ra7+ Ke6
1/2-1/2